| 000 | 01236nam a2200301 i 4500 | ||
|---|---|---|---|
| 003 | EG-GICUC | ||
| 005 | 20260509152838.0 | ||
| 008 | 260509s1950 sy ||||fr|||| 00| 0 ara d | ||
| 040 |
_a EG-GICUC _bara _c EG-GICUC _d EG-GICUC _erda |
||
| 041 |
_aara _hara |
||
| 082 | 0 | 4 |
_221 _a343.3020565 _bج م . ق |
| 092 | 0 | 4 | _221 |
| 099 | _aLaw1 10 343.3020565 ج م . ق 1950 | ||
| 110 | 1 |
_aالجمهورية السورية _bوزارة العدلية _eمؤلف. |
|
| 245 | 1 | 0 |
_aقانون أصول المحاكمات الجزائية الصادر بتاريخ 13 آذار 1950 / _cالجمهورية السورية . |
| 264 | 3 |
_aسوريا : _bمطبعة الجمهورية السورية، _c1950. |
|
| 300 |
_a144 صفحة ; _c24 سم. |
||
| 336 |
_2rda content _atext |
||
| 337 |
_2rda media _aComputer |
||
| 338 |
_2rda carrier _aOnline Resource |
||
| 546 | _aالنص باللغة العربية | ||
| 650 | 1 | _aالقانون الجنائي | |
| 650 | 1 |
_a قانون الإجراءات الجنائية _xقوانين وتشريعات _zسوريا |
|
| 650 | 1 | _aقانون أصول المحاكمات الجزائية | |
| 856 | 4 | 0 | _uhttps://fll.law.cu.edu.eg/fulltext/bks/B10-12247.pdf |
| 905 | _a43 | ||
| 942 |
_2ddc _n0 _cBK _e21 |
||
| 999 |
_c76396 _d76396 |
||